000 01003nam a2200337 a 4500
008
020 _a9780241298817 (paerback)
040 _aNUST
_cNUST
049 _aMAIN
090 _aTS171.6
_bWIL
100 1 _aWilkinson, Philip.,
_aauthor.
245 1 0 _aGreat designs/
_c Philip Wilkinson.
260 _aLondon :
_bDorling Kindersley,
_c2019.
300 _a256 pages :
_billustrations (chiefly colour) ;
_c28 cm.
336 _atext
_btxt
_2rdacontent
337 _aunmediated
_bn
_2rdamedia
338 _avolume
_bnc
_2rdacarrier
500 _aIncludes index.
650 1 _aCooper-Hewitt Museum.
650 _aTextile fabrics.
650 _aFurniture.
650 _aGraphic design (Typography).
650 _aInterior decoration.
650 _aDesign.
650 _aIndustrial design.
650 _aDesign and technology.
907 _a.b10407418
_b23-07-21
_c23-07-21
003
005 20230123141215.0
942 _cBOOKS
_kTS171.6
_mWIL
999 _c169514
_d169514